Control systems engineering

Designed to make the material easy to understand, this clear and thorough book emphasizes the practical application of systems engineering to the design and analysis of feedback systems. Nise applies control systems theory and concepts to current real-world problems, showing readers how to build con...

Deskribapen osoa

Gorde:
Xehetasun bibliografikoak
Egile nagusia: Nise, Norman S
Formatua: Liburua
Hizkuntza:Undetermined
Argitaratua: London Jonh Wiley and Sons 2004
Gaiak:
Etiketak: Etiketa erantsi
Etiketarik gabe, Izan zaitez lehena erregistro honi etiketa jartzen!
Thư viện lưu trữ: Trung tâm Học liệu Trường Đại học Cần Thơ
LEADER 00889nam a2200205Ia 4500
001 CTU_84259
008 210402s9999 xx 000 0 und d
020 |c 526000 
082 |a 629.8 
082 |b N723 
100 |a Nise, Norman S 
245 0 |a Control systems engineering 
245 0 |c Norman S. Nise 
260 |a London 
260 |b Jonh Wiley and Sons 
260 |c 2004 
520 |a Designed to make the material easy to understand, this clear and thorough book emphasizes the practical application of systems engineering to the design and analysis of feedback systems. Nise applies control systems theory and concepts to current real-world problems, showing readers how to build control systems that can support today's advanced technolog 
650 |a Automatic control,Systems engineering 
904 |i Tuyến 
980 |a Trung tâm Học liệu Trường Đại học Cần Thơ